India reveals herself / (Record no. 24589)
[ view plain ]
| 000 -LEADER | |
|---|---|
| fixed length control field | 00951cam a22002897a 4500 |
| 001 - CONTROL NUMBER | |
| control field | 24589 |
| 003 - CONTROL NUMBER IDENTIFIER | |
| rucl marc code | BD-RjUL |
| 005 - DATE AND TIME OF LATEST TRANSACTION | |
| control field | 20211209001054.0 |
| 008 - FIXED-LENGTH DATA ELEMENTS--GENERAL INFORMATION | |
| fixed length control field | 140313s1937 enk a 001 0 eng |
| 035 ## - SYSTEM CONTROL NUMBER | |
| System control number | (BD-RjUL)24658 |
| 040 ## - CATALOGING SOURCE | |
| Original cataloging agency | DLC |
| Transcribing agency | DLC |
| Modifying agency | BD-RjUL |
| Language of cataloging | eng |
| 041 ## - LANGUAGE CODE | |
| Language code of text/sound track or separate title | eng |
| 082 00 - DEWEY DECIMAL CLASSIFICATION NUMBER | |
| Classification number | 915.4 |
| Author mark and year | MAI 1937 |
| 100 1# - MAIN ENTRY--PERSONAL NAME | |
| Personal name | Mathews, Basil, |
| Dates associated with a name | 1879-1951. |
| 9 (RLIN) | 75678 |
| 245 10 - TITLE STATEMENT | |
| Title | India reveals herself / |
| Statement of responsibility, etc. | by Basil Mathews ; with the collaboration of Winifred Wilson. |
| 260 ## - PUBLICATION, DISTRIBUTION, ETC. (IMPRINT) | |
| Place of publication, distribution, etc. | London ; |
| -- | New York : |
| Name of publisher, distributor, etc. | Oxford University Press, |
| Date of publication, distribution, etc. | 1937. |
| 300 ## - PHYSICAL DESCRIPTION | |
| Pagination | viii, 192 p. ; |
| Size | 18 cm. |
| 504 ## - BIBLIOGRAPHY, ETC. NOTE | |
| Bibliography, etc | Includes index. |
| 651 #0 - SUBJECT ADDED ENTRY--GEOGRAPHIC NAME | |
| Geographic name | India |
| General subdivision | Description and travel. |
| 9 (RLIN) | 75679 |
| Geographic name | India |
| General subdivision | Politics and government |
| Chronological subdivision | 1919-1947. |
| 9 (RLIN) | 75680 |
| 700 1# - ADDED ENTRY--PERSONAL NAME | |
| Personal name | Wilson, Winifred. |
| 830 #0 - SERIES ADDED ENTRY--UNIFORM TITLE | |
| Volume number/sequential designation | item 10543. |
| 830 #0 - SERIES ADDED ENTRY--UNIFORM TITLE | |
| Uniform title | SAMP early 20th-century Indian books project ; |
| 942 ## - ADDED ENTRY ELEMENTS (KOHA) | |
| Source of classification or shelving scheme | Dewey Decimal Classification |
| Koha item type | Books |
| Lost status | Source of classification or shelving scheme | Damaged status | Not for loan | Collection code | Permanent Location | Current Location | Shelving location | Date acquired | Total Checkouts | Full call number | Date last seen | Copy number | Koha item type |
|---|---|---|---|---|---|---|---|---|---|---|---|---|---|
| Dewey Decimal Classification | Added to bundle | Non-fiction | Central Library, University of Rajshahi | Central Library, University of Rajshahi | Reading Room | 09/11/1961 | 915.4 MAI 1937 | 13/03/2014 | C-1 | Books |